Astrophysical phenomena revealed by space VLBI (Record no. 13673)

MARC details
000 -LEADER
fixed length control field 00978nam a2200229Ia 4500
003 - CONTROL NUMBER IDENTIFIER
control field IN-BaIIA
008 - FIXED-LENGTH DATA ELEMENTS--GENERAL INFORMATION
fixed length control field 211028s9999 xx 000 0 eng d
020 ## - INTERNATIONAL STANDARD BOOK NUMBER
International Standard Book Number 4-9980848-0-1
040 ## - CATALOGING SOURCE
Transcribing agency IIA Library
080 ## - UNIVERSAL DECIMAL CLASSIFICATION NUMBER
Universal Decimal Classification number 524(082.2)
Item number HIR
111 ## - MAIN ENTRY--MEETING NAME
Meeting name or jurisdiction name as entry element VSOP Symposium on Astrophysical Phenomena Revealed by Space VLBI
Location of meeting ISAS, Japan
Date of meeting or treaty signing 2000 Jan. 19-21
9 (RLIN) 24026
245 #0 - TITLE STATEMENT
Title Astrophysical phenomena revealed by space VLBI
Remainder of title proceedings of the VSOP symposium on astrophysical phenomena revealed by space VLBI, held in ISAS, Japan, 19-21 Jan 2000
Statement of responsibility, etc. edited by H. Hirabayashi, P. G. Edwards and D. W. Murphy
260 ## - PUBLICATION, DISTRIBUTION, ETC.
Place of publication, distribution, etc. Japan
Name of publisher, distributor, etc. Institute of Space and Astronautical Sciences
Date of publication, distribution, etc. 2000
300 ## - PHYSICAL DESCRIPTION
Extent xxi, 329p.
650 ## - SUBJECT ADDED ENTRY--TOPICAL TERM
Topical term or geographic name entry element Astronomy
9 (RLIN) 80
650 ## - SUBJECT ADDED ENTRY--TOPICAL TERM
Topical term or geographic name entry element Radioactivity
9 (RLIN) 1529
650 ## - SUBJECT ADDED ENTRY--TOPICAL TERM
Topical term or geographic name entry element Radioisotopes
9 (RLIN) 24027
700 ## - ADDED ENTRY--PERSONAL NAME
Personal name Edwards, P. G., ed.
9 (RLIN) 24028
700 ## - ADDED ENTRY--PERSONAL NAME
Personal name Hirabayashi, H., ed.
9 (RLIN) 24029
700 ## - ADDED ENTRY--PERSONAL NAME
Personal name Murphy, D. W., ed.
9 (RLIN) 24030
942 ## - ADDED ENTRY ELEMENTS (KOHA)
Koha item type Books
Holdings
Withdrawn status Lost status Damaged status Not for loan Home library Current library Shelving location Date acquired Source of acquisition Cost, normal purchase price Total Checkouts Full call number Barcode Date last seen Cost, replacement price Price effective from Koha item type Purchase Price
        IIA Library-Bangalore IIA Library-Bangalore General Stacks 21/08/2000 ISAS 100.00   524(082.2)/ HIR 14592 05/11/2021 100.00 21/08/2000 Books Rs. 100.00

Powered by Koha